000 01302nam0a22003371 4500
001 v19\rc\1917805
005 20251118180628.3
035 _a(NLR Aleph) 005005085
090 _a6427081
_c6427081
100 _a20080404d1912 u y0rusy50 ca
101 0 _arus
102 _aRU
105 _aa z |||||
200 1 _aЗернохранилища-элеваторы и кооперативный сбыт хлеба
_fС.В. Бородаевский
210 _aСанкт-Петербург
_cС.-Петерб. отд. Ком. о сел. ссудосберегат. и пром. т-вах
_d1912
215 _a[2], V, III, 208 с.
_cил.
_d25
320 _aБиблиогр.: "Литература по элеваторному делу и хлебной торговле" (с. 204-206)
700 1 _7ca
_8rus
_aБородаевский
_bС. В.
_fок.1870-ок.1942
_gСергей Васильевич
_9157941
_3RU\NLR\AUTH\770157982
801 0 _aRU
_bNLR
_gpsbo
801 0 _aRU
_bRuMoRGB
_2psbo
801 1 _aRU
_bProSoft-M
_2rusmarc
852 _aNLR
_j20.87.8.59
852 _aNLR
_bМф
_jК1/29337
899 _aRuMoRGB
_jU 131/154
899 _aRuMoRGB
_jU 457/141
899 _aRuMoRGB
_jU 369/248
899 _aБАН
899 _aГПИБ
942 _cBOOK
980 _aNB